00826nam a22002537a 450000500170000001000110001702000220002803500110005003700160006104000120007708200110008910000280010024500870012826000510021527000190026630000200028565000220030565000420032770000260036970000100039594200200040599900190042595201280044420170124110113.0 a965821 c00.00a0091328802 a965821 bCen Lib/Ret aDPLbEN aSbHAR aHarman, Humphrey929520 aTales told to an African king /cby Humphrey Harman; illustrated by Berly Sanders  aGreat Britian bHutchinson junior books c1978 bGreat Britian  a127p.c21cm(Hb) aLiterature 96262 aShort stories xAfrican kings 929521 929490aSanders, Berly 929496 2ddccENhSmHAR c130567d130567 00104070aLbLd2015-07-09eCen Lib/Retg0.00l1oS HARp965821r2018-07-31 00:00:00s2018-07-17t1v0.00w2015-07-09yEN